000 00697nam a2200241Ia 4500
003 OSt
005 20220926044653.0
006 a|||||r|||| 00| 0
007 ta
008 220923b |||||||| |||| 00| 0 eng d
037 _cGeneral Book
040 _aRTL
_cRTL
_beng
041 _2eng
_aeng
082 _aV1-1,4:(X:6), K3
100 _aRose Richard
_920530
245 0 _aComparative political finance
_b A symposium
260 _c1963
500 _aExtract from Journal of Politics, V25(3);1963
650 _aHistory
700 _a Heidenheimer A J Ed.
_9349319
942 _hV1-1,4:(X:6), K3
_cGB
_2CC
999 _c675514
_d675514